000 00415nam a22001697a 4500
999 _c1671
_d1670
005 20210924153514.0
008 160525b xxu||||| |||| 00| 0 eng d
020 _a81-7194-342-X
041 _aeng
082 _b4842
100 _aSinghnia, Dr. Vinod K
_92650
245 _aDirect Taxes Ready Reckoner
260 _aNew Delhi
_bAcademic Faundation
300 _a245.2
650 _aManagement
_9241
942 _cBK